| 000 | 00589cas a22002175a 4500 | ||
|---|---|---|---|
| 001 | L110823 | ||
| 008 | 070613c1999 xxkwr p 0 a0eng u | ||
| 022 | 1 | _a1472-5053 | |
| 035 | _a(Sirsi) u110823 | ||
| 041 | 0 | _aeng | |
| 245 | 0 | 0 | _aRegeneration and Renewal |
| 260 |
_aLondon _bHaymarket Professional Publications _c1999- |
||
| 362 | 0 | _aJanuary 2001- | |
| 510 | 2 |
_aKnowledge Alert _c2006- |
|
| 520 | _aKept for one year | ||
| 554 | _aWeekly | ||
| 651 | 4 |
_aUnited Kingdom _y |
|
| 690 | _aPROPERTY-PROPERTY MANAGEMENT-REGENERATION | ||
| 856 | 4 | 8 | _uhttps://www.regen.net |
| 942 | _n0 | ||
| 999 |
_c118733 _d118733 |
||